| 000 | 00793 a2200181 4500 | ||
|---|---|---|---|
| 003 | Nust | ||
| 005 | 20230111084421.0 | ||
| 040 | _cNust | ||
| 082 | _a355.330973,GAB | ||
| 100 |
_aGabriel, Richard A. _948794 |
||
| 245 |
_aCrisis in Command / _cRichard A. Gabriel |
||
| 260 |
_aPakistan _bArmy Edu Press _c1978 |
||
| 300 | _axii,242,p.; | ||
| 505 | _aThe Perspective of Reforms (Page-3), An Army in Collapse (Page-29), The Officer Crop (Page-51), Reestablishing Traditional Values (Page-97), The Specifics of Reforms (Page-117), Effecting Change in Military Values (Page-44), Reforms and The Search for Honor (Page-159), Postscript (Page-177), Table and Figure (Page-181). | ||
| 600 |
_aRichard A. Gabriel _9106785 |
||
| 650 |
_aCrisis in Command _9106786 |
||
| 942 |
_2ddc _cBK _k355.330973,GAB |
||
| 999 |
_c186065 _d186065 |
||